000 00432nmm a2200145Ia 4500
008 251105s9999||||xx |||||||||||||||||und||
041 _aspa
100 _aBolea, Juan
245 0 _aLos hermanos de la costa :
_b Serie Martina de Santo 1
264 _a[Madrid, España] :
_bEdiciones B,
_c2013
300 _a352 páginas
650 _aThriller & Suspense
856 _uhttps://public.digitaliapublishing.com/a/54086
942 _cCF
999 _c104684
_d104684